Sweated industry and the minimum wage /

Bibliographic Details
Main Author: Black, Clementina
Other Authors: Gardiner, A. G. (Alfred George), 1865-1946
Format: Book
Language:English
Published: London : Duckworth, 1907.
Subjects:

MARC

Tag First Indicator Second Indicator Subfields
LEADER 00000cam a2200000 4500
001 in00000066314
005 20151008051856.0
008 781204s1907 enk 00010 eng
010 |a  07042076  
035 |a (OCoLC)04418329 
035 |9 AAH0487AM 
040 |a DLC  |c NOC  |d TXA  |d UtOrBLW 
049 |a TXAM  |c [170902] 
050 0 0 |a HD2339.G7  |b B7 
092 |a 338.65  |b B627s 
100 1 |a Black, Clementina. 
245 1 0 |a Sweated industry and the minimum wage /  |c by Clementina Black. With an introduction by A. G. Gardiner. 
264 1 |a London :  |b Duckworth,  |c 1907. 
300 |a xxiv, 281 pages ;  |c 19 cm. 
336 |a text  |b txt  |2 rdacontent 
337 |a unmediated  |b n  |2 rdamedia 
338 |a volume  |b nc  |2 rdacarrier 
650 0 |a Sweatshops. 
650 0 |a Minimum wage. 
700 1 |a Gardiner, A. G.  |q (Alfred George),  |d 1865-1946. 
999 |a MARS 
999 f f |s e7fc5d7e-64ec-3b12-8db4-0d55862fdd48  |i ee0e38ad-0184-3373-9553-d42d33b68dff  |t 0 
952 f f |p ric  |a Texas A&M University  |b Rellis Campus  |c Joint Library Facility  |d Remote Storage  |t 0  |e HD2339.G7 B7  |h Library of Congress classification  |i unmediated -- volume  |m A14800769732 
998 f f |a HD2339.G7 B7  |t 0  |l Remote Storage